Statistics for Rugby League World Cup 2013

Click here to take the quiz!

General Stats

  • This quiz has been taken 93 times
  • The average score is 13 of 14

Answer Stats

HintAnswer% Correct
1Australia
100%
2England
100%
1New Zealand
100%
4Ireland
97%
1Scotland
97%
3Fiji
96%
3France
95%
3Wales
95%
2Samoa
91%
1USA
88%
3Italy
85%
2Tonga
85%
4Papua New Guinea
75%
2Cook Islands
60%

Score Distribution

Percentile by Number Answered

Percent of People with Each Score

Your Score History

You have not taken this quiz